| 000 | 00498nam a22001937a 4500 | ||
|---|---|---|---|
| 003 | MPLRDC | ||
| 005 | 20220104123936.0 | ||
| 008 | 210129b ||||| |||| 00| 0 eng d | ||
| 020 | _a957-621-127-1 | ||
| 082 | _a508 TXCS v.51 | ||
| 100 | _aHARRIET B.BRAIKER | ||
| 245 |
_aE 型女性 _c陈怡蓁等译 |
||
| 250 | _a第一版 | ||
| 260 |
_a _b天下文化出版股份有限 _c1987 |
||
| 300 | _b平 | ||
| 490 | _a天下丛书. 51 | ||
| 650 | _a社会科学丛书 | ||
| 942 |
_cBK _o508 TXCS v.51 |
||
| 999 |
_c15407 _d15397 |
||